Hind ke angraiz hukmaraan Lord Cornowalas (1786-1793) (Urdu)(ہند کے انگریز حکمران لارڈ کارنووالاس) (Record no. 65359)
[ view plain ]
| 000 -LEADER | |
|---|---|
| fixed length control field | 00709nam a2200205Ia 4500 |
| 001 - CONTROL NUMBER | |
| control field | 64207 |
| 003 - CONTROL NUMBER IDENTIFIER | |
| control field | OSt |
| 005 - DATE AND TIME OF LATEST TRANSACTION | |
| control field | 20150622113257.0 |
| 008 - FIXED-LENGTH DATA ELEMENTS--GENERAL INFORMATION | |
| fixed length control field | 150204s9999 xx 000 0 und d |
| 020 ## - INTERNATIONAL STANDARD BOOK NUMBER | |
| International Standard Book Number | NA |
| 040 ## - CATALOGING SOURCE | |
| Transcribing agency | PK-LaUMT |
| 082 ## - DEWEY DECIMAL CLASSIFICATION NUMBER | |
| Classification number | 954.03 |
| Item number | MOL-H |
| 100 ## - MAIN ENTRY--PERSONAL NAME | |
| Personal name | Molison, G. B.(مولیسن ، جی بی) |
| 245 ## - TITLE STATEMENT | |
| Title | Hind ke angraiz hukmaraan Lord Cornowalas (1786-1793) (Urdu)(ہند کے انگریز حکمران لارڈ کارنووالاس) |
| Statement of responsibility, etc | Molison, G. B.|Ibn Hassan(مولیسن جی بی، [ابن حسن) |
| 260 ## - PUBLICATION, DISTRIBUTION, ETC. (IMPRINT) | |
| Place of publication, distribution, etc | Lahore,Pakistan:(لاہور، پاکستان ) |
| Name of publisher, distributor, etc | Takhleqaat,(تخلیقات) |
| Date of publication, distribution, etc | 2005 |
| 300 ## - PHYSICAL DESCRIPTION | |
| Extent | 160 p. |
| 546 ## - LANGUAGE NOTE | |
| Language note | UR |
| 700 ## - ADDED ENTRY--PERSONAL NAME | |
| Personal name | Ibn Hassan |
| 942 ## - ADDED ENTRY ELEMENTS (KOHA) | |
| Koha item type | Books |
| Source of classification or shelving scheme | Dewey Decimal Classification |
| Withdrawn status | Lost status | Damaged status | Not for loan | Home library | Current library | Date acquired | Total Checkouts | Full call number | Barcode | Date last seen | Price effective from | Koha item type |
|---|---|---|---|---|---|---|---|---|---|---|---|---|
| UMT Main Campus | UMT Main Campus | 2015-02-04 | 954.03 MOL-H | 88400 | 2015-06-22 | 2015-02-04 | Books |
